000 00463nam a2200181 a 4500
001 23216
003 CO-ViMGA
008 141112s2004 ck r 000 u spa d
020 _a9580216053
040 _aCO-ViMGA
_bspa
_cCO-ViMGA
082 0 4 _aR463 L365d
100 1 _aLeón Acosta, Miriam Cristy
_93285
245 1 0 _aDiccionario Lider Español
260 _aColombia :
_bVoluntad
300 _a608 p.
650 1 4 _aESPAÑOL - DICCIONARIOS
_93286
942 _2ddc
_cBK
999 _c9847
_d9847